Animal Ranges With Whammies - Statistics

General Stats
  • This quiz has been taken 32,265 times
  • The average score is 12 of 18
Answer Stats
Animal # Countries % Correct
Tiger 13 China | India | Indonesia | Russia | +9 others
98%
Lion 33 India | South Africa | Tanzania | +29 others
97%
Reindeer 7 Canada | Finland | Mongolia | Norway | Sweden | Russia | United States
96%
Giant panda 1 China
90%
Penguin 13 Argentina | Australia | South Africa | +10 others
85%
Anaconda 13 Argentina | Brazil | Colombia | +10 others
85%
Alligator 2 China | United States
82%
Lemur 1 Madagascar
79%
Snow leopard 12 Bhutan | China | Nepal | +9 others
65%
Capybara 13 Argentina | Brazil | Colombia | +10 others
59%
Puffin 20 Canada | Russia | United Kingdom | +17 others
59%
Gorilla 8 D. R. Congo | Gabon | Uganda | +5 others
54%
Komodo dragon 1 Indonesia
52%
Orangutan 2 Malaysia | Indonesia
48%
Mekong giant catfish 6 Cambodia | China | Laos | Myanmar | Thailand | Vietnam
45%
Resplendent quetzal 6 Costa Rica | Guatemala | Honduras | Mexico | Nicaragua | Panama
29%
Beluga sturgeon 10 Bulgaria | Iran | Russia | +7 others
27%
Fennec fox 11 Morocco | Algeria | Libya | Egypt | +7 others
24%
No matching quizzes found
Score Distribution
Percent of People with Each Score
Percentile by Number Answered
Your Score History
You have not taken this quiz